000
00266nam a2200109Ia 4500
005
20251222154319.0
008
251222s9999||||xx |||||||||||||| ||spa||
082
_a
940.086/Z77
100
_a
"Zheiger, Karl"
245
0
_a
Como murieron Hitler y los suyos
942
_c
LIB
999
_c
33700
_d
33700